Saltar ao contenido

Регионы Западного и Юго-Западного порубежья России Ч. 2 Регионы Западного и Юго-Западного порубежья России

Представлены итоги научных исследований консорциума «Рубежи России», посвященных потенциалу, опыту и перспективам приграничного сотрудничества российских регионов Западного и Юго-Западного (Северо-Кавказского) порубежья России. Рассмотрен экономический потенциал расположенных вдоль сухопутной границ...

Descrición completa

Gardado en:
Detalles Bibliográficos
Autor Principal: Федоров Г. М.
Outros autores: Дружинин А. Г., Катровский А. П., Манаков А. Г., Попкова Л. И., Вольхин Д. А., Гуменюк И. С., Гуменюк Л. Г., Куница М. Н., Лачининский С. С., Сапогов В. М., Теренина Н. К., Швец А. Б.
Formato: Книга
Idioma:Russian
Publicado: Калининград БФУ им. И.Канта 2022
Acceso en liña:https://e.lanbook.com/book/310121
https://e.lanbook.com/img/cover/book/310121.jpg
Метки: Engadir etiqueta
Sen Etiquetas, Sexa o primeiro en etiquetar este rexistro!
LEADER 03049nam0a2200409 i 4500
001 310121
003 RuSpLAN
005 20230222170247.0
008 230222s2022 ru gs 000 0 rus
020 |a 978-5-9971-0720-8 
040 |a RuSpLAN 
041 0 |a rus 
044 |a ru 
080 |a 339.9:911.3(470+571) 
084 |a 65.049(2Рос)  |2 rubbk 
245 1 |a Регионы Западного и Юго-Западного порубежья России  |c Федоров Г. М.,Дружинин А. Г.,Катровский А. П.,Манаков А. Г.,Попкова Л. И.,Вольхин Д. А.,Гуменюк И. С.,Гуменюк Л. Г.,Куница М. Н.,Лачининский С. С.,Сапогов В. М.,Теренина Н. К.,Швец А. Б.   |n Ч. 2  |p Регионы Западного и Юго-Западного порубежья России 
260 |a Калининград  |b БФУ им. И.Канта  |c 2022 
300 |a 159 с. 
504 |a Библиогр.: доступна в карточке книги, на сайте ЭБС Лань 
520 8 |a Представлены итоги научных исследований консорциума «Рубежи России», посвященных потенциалу, опыту и перспективам приграничного сотрудничества российских регионов Западного и Юго-Западного (Северо-Кавказского) порубежья России. Рассмотрен экономический потенциал расположенных вдоль сухопутной границы субъектов РФ (по состоянию на 1 сентября 2022 г.), особенности сотрудничества вдоль участков границы с соседними странами. Показаны имеющиеся достижения, возникающие проблемы и пути их преодоления. Предназначена для специалистов в сфере стратегического и пространственного планирования, аспирантов и студентов вузов 
521 8 |a Книга из коллекции БФУ им. И.Канта - Социально-гуманитарные науки 
100 1 |a Федоров Г. М. 
700 1 |a Дружинин А. Г. 
700 1 |a Катровский А. П. 
700 1 |a Манаков А. Г. 
700 1 |a Попкова Л. И. 
700 1 |a Вольхин Д. А. 
700 1 |a Гуменюк И. С. 
700 1 |a Гуменюк Л. Г. 
700 1 |a Куница М. Н. 
700 1 |a Лачининский С. С. 
700 1 |a Сапогов В. М. 
700 1 |a Теренина Н. К. 
700 1 |a Швец А. Б. 
856 4 |u https://e.lanbook.com/book/310121 
856 4 8 |u https://e.lanbook.com/img/cover/book/310121.jpg 
953 |a https://e.lanbook.com/img/cover/book/310121.jpg